Statistics for Random Japanese numbers

Click here to take the quiz!

General Stats

  • This quiz has been taken 156 times
    (152 since last reset)
  • The average score is 11 of 15

Answer Stats

JapaneseEnglish% Correct
百十一111
99%
八百四804
92%
六十七67
90%
六百九609
81%
六百九十五695
81%
二百五十250
80%
百四十四144
72%
七百四十八748
72%
八百三十830
72%
二百二十三223
71%
六百九十二692
68%
三百四十340
67%
九百五十四954
65%
七百六十760
58%
九百三十九939
56%

Score Distribution

Percentile by Number Answered

Percent of People with Each Score

Your Score History

You have not taken this quiz since the last reset